Trabajo de investigación sobre la religión egea / (Record no. 27584)

MARC details
000 -LEADER
campo de control de longitud fija 00576ntm a2200193 i 4500
001 - NÚMERO DE CONTROL
campo de control 27584
003 - IDENTIFICADOR DE NÚMERO DE CONTROL
campo de control ES-MaACL
005 - FECHA Y HORA DE LA ÚLTIMA TRANSACCIÓN
campo de control 20250728110921.0
007 - CAMPO FIJO DE DESCRIPCIÓN FÍSICA--INFORMACIÓN GENERAL
campo de control de longitud fija t|
008 - DATOS DE LONGITUD FIJA--INFORMACIÓN GENERAL
campo de control de longitud fija 030115q1931 sp f |||| | spa d
100 1# - ENTRADA PRINCIPAL--NOMBRE DE PERSONA
Nombre de persona Araujo Mayorga, Juan.
9 (RLIN) 22363
245 10 - MENCIÓN DEL TÍTULO
Título Trabajo de investigación sobre la religión egea /
Mención de responsabilidad, etc. por Juan Araujo Mayorga.
260 ## - PUBLICACIÓN, DISTRIBUCIÓN, ETC.
Lugar de publicación, distribución, etc. [S.l. :
Nombre del editor, distribuidor, etc. s.n.,
Fecha de publicación, distribución, etc. 1931?]
300 ## - DESCRIPCIÓN FÍSICA
Extensión 44 p., 5 lám. ;
Dimensiones 25 cm.
500 ## - NOTA GENERAL
Nota general Ejemplar mecanografiado.
650 07 - PUNTO DE ACCESO ADICIONAL DE MATERIA--TÉRMINO DE MATERIA
Término de materia o nombre geográfico como elemento de entrada Religión griega
Fuente del encabezamiento o término embne
9 (RLIN) 16804
852 ## - LOCALIZACIÓN
Ubicación ES-MaACL
Número de control de estantería C-5631
Holdings
Estatus retirado Estado de pérdida Estado de daño No para préstamo Colección Biblioteca de origen Biblioteca actual Ubicación en estantería Fecha de adquisición Fuente de adquisición Total de préstamos Signatura topográfica completa Código de barras Visto por última vez Precio de reemplazo Tipo de ítem Koha
        Manuscritos Biblioteca del Ateneo de Madrid Biblioteca del Ateneo de Madrid Sala Palomar 17/01/2008     C-5631 1028482 23/02/2023 23/02/2023 Manuscrito